Place names containing "hen" - Statistics

General Stats
  • This quiz has been taken 8 times
  • The average score is 9 of 25
Answer Stats
Clue Geographical entity % Correct
The Greek capital Athens
100%
Metropolis of southern India Chennai
88%
Fast-growing technology hub near Hong Kong Shenzhen
75%
Megacity near the mountains of Sichuan, China Chengdu
63%
Sweden's second-largest city Gothenburg
63%
County of SW Wales, where Llanelli is found Carmarthenshire
50%
Indian mountain which is the world's 3rd-highest Kangchenjunga
50%
German place with a long name, and a noted football team Mönchengladbach
50%
Area of NW London Hendon
38%
Ontario city; the name contains a word for a room Kitchener
38%
Italian sea which is part of the Mediterranean Tyrrhenian Sea
38%
CIty in Germany which was an important site in ancient times Aachen
25%
River which flows through Pittsburgh Allegheny
25%
Town in Galway, immortalised in an old song Athenry
25%
The official title of Chechnya in Russia Chechen Republic
25%
Other German place with a long name and a noted football team Gelsenkirchen
25%
City close to Las Vegas and Lake Mead Henderson
25%
The provincial capital of Liaoning in China Shenyang
25%
Large coastal town in Essex Southend
25%
Inland Chinese province with a population of 100 million Henan
13%
City of New York state close to Albany and the Mohawk River Schenectady
13%
The biggest city in the above province Zhengzhou
13%
Large town in Bono region, Ghana, near the Ivorian border Dormaa Ahenkro
0%
Ethiopia's highest mountain Ras Dashen
0%
Suburb near Manchester Airport Wythenshawe
0%
No matching quizzes found
Score Distribution
Percent of People with Each Score
Percentile by Number Answered
Your Score History
You have not taken this quiz